| 000 | 01000nam a2200241 a 4500 | ||
|---|---|---|---|
| 001 | 82223 | ||
| 003 | BD-RjUL | ||
| 005 | 20231101150108.0 | ||
| 008 | 231101s2015 bg a|||| m||| 00| 0 eng d | ||
| 035 | _a(BD-RjUL)82223 | ||
| 040 |
_aBD-RjUL _beng _cBD-RjUL _dBD-RjUL |
||
| 041 | _aeng | ||
| 082 |
_223 _a553.5095492 _bAHS 2015 |
||
| 100 |
_aAhmmed, Md. Forhad _99839 |
||
| 245 | 1 | 0 |
_aSocio-Economic and Environmental Impact of Underground Stone Collection on the Community People of Panchagarh District in Bangladesh / _cResearcher, Md. Forhad Ahmmed ; _6Supervisor : Md. Fakrul Islam |
| 260 |
_aRajshahi : _bInstitute of Bangladesh Studies (IBS), Rajshahi University, _c2015 |
||
| 300 |
_axxi, 198 Leaves : _bill, ; _c29 cm. |
||
| 502 | _aThesis (Ph. D.) -- Institute of Bangladesh Studies (IBS), Rajshahi University, 2015 | ||
| 504 | _aBibliography : Leaves [163]-173 | ||
| 650 |
_aStone _vEconomic geology _zBangladesh _99840 |
||
| 700 |
_aIslam, Md. Fakrul, Supervisor _91395 |
||
| 942 |
_2ddc _cTHE |
||
| 999 |
_c82223 _d82223 |
||